|
|
|
|
| LEADER |
01458nam a2200409 a 4500 |
| 001 |
nkc20122397360 |
| 003 |
CZ PrNK |
| 005 |
20130205173150.0 |
| 007 |
ta |
| 008 |
120914s2012 xr a a 000 f cze |
| 015 |
|
|
|a cnb002397360
|
| 020 |
|
|
|a 978-80-87596-03-6
|q (brož.) :
|c Kč 298,00
|
| 035 |
|
|
|a (OCoLC)827259855
|
| 040 |
|
|
|a BOA001
|b cze
|d ABA001
|
| 072 |
|
7 |
|a 821.162.3-3
|x Česká próza
|2 Konspekt
|9 25
|
| 072 |
|
7 |
|a 821-93
|x Literatura pro děti a mládež (beletrie)
|2 Konspekt
|9 26
|
| 080 |
|
|
|a 821.162.3-34
|2 MRF
|
| 080 |
|
|
|a 821-93
|2 MRF
|
| 080 |
|
|
|a (0:82-34)
|2 MRF
|
| 100 |
1 |
|
|a Dědeček, Jiří,
|d 1953-
|7 jn19990209139
|4 aut
|
| 245 |
1 |
0 |
|a Pohádky o Malé tlusté víle /
|c Jiří Dědeček ; [ilustroval] Petr Nikl
|
| 250 |
|
|
|a 1. vyd.
|
| 260 |
|
|
|a Praha :
|b Meander,
|c 2012
|
| 300 |
|
|
|a 77 s. :
|b barev. il. ;
|c 22 cm
|
| 490 |
1 |
|
|a Modrý slon ;
|v sv. 51
|
| 500 |
|
|
|a Součástí 1. vyd. je 100 čísl. výt. autorem a výtvarníkem signovaných
|
| 655 |
|
7 |
|a české pohádky
|7 fd133970
|2 czenas
|
| 655 |
|
7 |
|a publikace pro děti
|7 fd133156
|2 czenas
|
| 655 |
|
9 |
|a Czech fairy tales
|2 eczenas
|
| 655 |
|
9 |
|a children's literature
|2 eczenas
|
| 700 |
1 |
|
|a Nikl, Petr,
|d 1960-
|7 jn99240000770
|4 ill
|
| 830 |
|
0 |
|a Modrý slon (Meander)
|0 s
|
| 910 |
2 |
|
|a BOA001
|b 2-1292.903
|
| 990 |
|
|
|a BK
|
| 995 |
|
|
|a 01
|
| 991 |
|
|
|b 201211
|e db
|
| 996 |
6 |
|
|b 2610526789
|c 2-1292.903
|l MZK
|r Sklad / do 1 hodiny
|n 6
|p p.v.
|w 001294940
|u 000010
|a 1
|e BOA001
|j MZK50
|s P
|